| 000 | 01701cam a22001694a 4500 | ||
|---|---|---|---|
| 005 | 20250605163511.0 | ||
| 008 | 250528s ||||||||||||||||||||||||d | ||
| 035 | _a20574 | ||
| 040 |
_aGR-AtMCL _bgre _dGR-AtMCL _eAACR2 |
||
| 245 | 1 | _aΔιαμόρφωση και Λεπτομέρειες Όπλισης Δομικών Στοιχείων από Σκυρόδεμα / Κωδικοποίηση - Εφαρμογές | |
| 260 |
_bΧαλυβουργία Θεσσαλίας - Ελληνική Χαλυβουργία, _c2006 |
||
| 300 | _a68 | ||
| 520 | _aΣχεδιασμός ασφαλών και οικονομικών έργων σύμφωνα με το ''πνεύμα'' του κανονισμού. Πρόλογος, Εισαγωγή, Περιεχόμενα, Χάλυβες Οπλισμών, Χάλυβες Λεπτομερειών Όπλισης, Καμπυλώσεις Οπλισμών, Επικαλύψεις Οπλισμών, Αποστάσεις Μεταξύ των Οπλισμών, Συνάφεια Σκυροδέματος - Οπλισμών, Αγκυρώσεις, Ένωση Οπλισμών, Διάταξη Διάμηκων Οπλισμών Ρηγματωμένων Στοιχείων, Αγκύρωση Οπλισμών Διάτμησης, Οπλισμοί Συρραφής Άρμων Διακοπής Σκυροδέτησης, Δέσμες Ράβδων, Κανόνες Διαμόρφωσης Δομικών Στοιχείων, Ανοχές Διαστάσεων, Πλάκες, Δοκοί, Υποστυλώματα, Τοιχώματα, Δομικά Στοιχεία Επιφανειακών Θεμελιώσεων, Βιβλιογραφια. | ||
| 942 | _cBK | ||
| 999 |
_c5665 _d5665 |
||